000 00261nam a2200109Ia 4500
005 20251222144704.0
008 251222s9999||||xx |||||||||||||| ||spa||
082 _a646.4/F11/T.I
245 0 _aManos Maravillosas
264 _bFratelli Fabri Editori
942 _cLIB
999 _c17578
_d17578